| 000 | 00564nam a2200193 a 4500 | ||
|---|---|---|---|
| 003 | PILC | ||
| 005 | 20160330100913.0 | ||
| 008 | 111011s19uu xx 00 eng d | ||
| 020 | _a9780080453392 | ||
| 050 |
_aG 155.A1 _b.Y42 2008 |
||
| 100 | _aYeoman, Ian. | ||
| 245 |
_aTomorrow's tourist : _bscenarios & trends / _cIan Yeoman. |
||
| 260 |
_aAmsterdam : _bElsevier, _c2008. |
||
| 300 |
_a357 pages : _billustrations ; _c 24 cm. |
||
| 500 | _aIncludes bibliographical references and index. | ||
| 650 | _aTourism. | ||
| 942 |
_cBK _2lcc _kFOR |
||
| 999 |
_c24934 _d24934 |
||